| 000 | 00806nam a2200241 a 4500 | ||
|---|---|---|---|
| 005 | 20240925065010.0 | ||
| 008 | 190816s1979 mx r 000 0 spa d | ||
| 020 | _a9682502713 | ||
| 035 | _aUPN01000232081 | ||
| 040 |
_aMX-MxUPN _bspa _cMX-MxUPN |
||
| 050 | 4 |
_aLB1051 _bG34 1979 |
|
| 100 | 1 |
_aGagné, Robert M. _q(Robert Mills), _d1916-2002 _939918 |
|
| 245 | 0 | 4 |
_aLas condiciones del aprendizaje / _bRobert M. Cagné ; traducido al español con la colaboración de José Carmen Pecina. |
| 250 | _aTercera edición | ||
| 260 |
_aMéxico : _bInteramericana, _c1979. |
||
| 300 | _a296 páginas | ||
| 650 | 4 |
_aPsicología del aprendizaje _95221 |
|
| 700 | 1 |
_aPecina, José C. _etraductor _946261 |
|
| 905 | _aLibro | ||
| 942 |
_n0 _2lcc _cLIBRO |
||
| 999 |
_c204176 _d204176 |
||